Statistics for What fruit is that? Tropical Edition

Click here to take the quiz!

General Stats

  • This quiz has been taken 34 times
  • The average score is 15 of 27

Answer Stats

Answer% Correct
Banana
100%
Kiwi
97%
Lemon
97%
Mango
94%
Pineapple
94%
Starfruit
90%
Avocado
87%
Dragon Fruit
87%
Lime
87%
Grapefruit
84%
Papaya
84%
Pomegranate
81%
Durian
65%
Guava
65%
Passion Fruit
65%
Lychee
61%
Jackfruit
55%
Rambutan
35%
Mangosteen
29%
Cherimoya
26%
Breadfruit
13%
Acai Berries
10%
Miracle Fruit
10%
Jelly Palm Fruit
6%
Salak
6%
Java Apple
3%
Velvet Tamarind
3%

Score Distribution

Percentile by Number Answered

Percent of People with Each Score

Your Score History

You have not taken this quiz